000 01247nam a2200349Ii 4500
001 DIGCUEVAS0155
003 NyNyDIG
006 m o d
007 cr |||||||||||
008 241015s2024 ec a ob 000 0 spa d
035 _a(OCoLC)1463587482
040 _aDGITA
_beng
_erda
_epn
_cDGITA
020 _a9789942660152
_qeBook
050 1 4 _aRD32 ebook
245 0 0 _aAbordajes y técnicas quirúrgicas.
_nTomo 4 /
_cKarla Andreina Calvas Torres [and 14 others].
264 1 _aQuito, Ecuador :
_bCuevas Editores,
_c[2024]
300 _a1 online resource :
_billustrations.
336 _atext
_btxt
_2rdacontent
337 _acomputer
_bc
_2rdamedia
338 _aonline resource
_bcr
_2rdacarrier
347 _atext file
_2rdaft
347 _bPDF
504 _aIncludes bibliographical references.
588 0 _aOnline resource; title from PDF title page (Digitalia, viewed October 15, 2024)
650 0 _aSurgery, Operative.
700 1 _aCalvas Torres, Karla Andreina,
_eauthor.
791 2 _aDigitalia (Firm),
_edistributor.
793 0 _gDigitalia eBook Collection:
_aCuevas Editores
856 4 0 _3Digitalia Hispánica
_uhttps://www.digitaliapublishing.com/a/156332/
910 _aPremium collection: 2024
942 _cRAA
999 _c286405
_d286405